SCL 2006
Gespeichert in:
| 1. Verfasser: | |
|---|---|
| Format: | Buch |
| Sprache: | Spanisch |
| Veröffentlicht: |
Barcelona
Actar
2006
|
| Schlagworte: | |
| Tags: |
Tag hinzufügen
Keine Tags, Fügen Sie den ersten Tag hinzu!
|
MARC
| LEADER | 00000nam a2200000 a 4500 | ||
|---|---|---|---|
| 001 | UCJ9558 | ||
| 003 | CL-VaPUC | ||
| 008 | 070323e20060000SP |||||||||||||||||spa|d | ||
| 020 | |a 8496540499 | ||
| 082 | 0 | 4 | |a 770.232 |b JAA |2 21 |
| 100 | |a Jaar, Alfredo |e author |9 587198 | ||
| 245 | 1 | 0 | |a SCL 2006 |
| 246 | 1 | 0 | |a Santiago de Chile 2006 |
| 300 | |a Pág. irreg | ||
| 942 | |c BK | ||
| 945 | |d 20070323 00:00:00 |a cmena | ||
| 260 | |a Barcelona |b Actar |c 2006 | ||
| 600 | 0 | 7 | |a FUNDACION TELEFONICA CHILE |2 CL-VaPUC |9 519537 |
| 650 | 0 | |a Fotografías |9 268494 | |
| 650 | 7 | |a EXPOSICIONES ARTISTICAS |2 CL-VaPUC |9 519538 | |
| 583 | |a last modification |c 20070323 00:00:00 |k Rodrigo Vera | ||
| 999 | |c 325018 |d 325016 | ||
| 952 | |0 0 |1 0 |4 0 |6 770_232000000000000_JAA_2006 |7 0 |8 R |9 405461 |a BIBART |b BIBART |d 2019-11-22 |i 4308522 |l 11 |m 3 |o 770.232 JAA 2006 |p 4308522 |r 2025-03-13 |s 2024-10-08 |w 2019-11-22 |y BK_R |k ART | ||